| 000 | 01073nam a2200229 i 4500 | ||
|---|---|---|---|
| 001 | 181604 | ||
| 003 | ES-MaACL | ||
| 005 | 20250824085056.0 | ||
| 008 | 130222s1899 sp | |||| ||spa d | ||
| 080 | _a929 Austria, Juan de | ||
| 100 | 1 |
_aPorreño, Baltasar. _993162 |
|
| 245 | 1 | 0 |
_aHistoria del sereníssimo [sic] señor D. Juan de Austria : _bhijo del invictíssimo [sic] Carlos V rey de España, dirigida a la excellentíssima señora Doña Ana de Austria... / _cpor el licenciado Baltasar Porreño ; publícala la Sociedad de Bibliófilos Españoles. |
| 260 |
_aMadrid : _bSociedad de Bibliófilos Españoles, _c1899 ( _fEst. Tip. de la Viuda e Hijos de Tello) |
||
| 300 |
_aXVI, 596 p., [1] h. de lám. ; _c23 cm. |
||
| 490 | 1 |
_aSociedad de Bibliófilos Españoles ; _v34 |
|
| 599 | _aLám.: retrato de don Juan de Austria | ||
| 600 | 1 | 4 |
_aAustria, Juan de ( _d1545-1578) _9151484 |
| 710 | 2 |
_aSociedad de Bibliófilos Españoles. _96661 |
|
| 830 | 1 | 0 |
_aSociedad de Bibliófilos Españoles _v34 _9187662 |
| 852 | 4 |
_aES-MaACL _jJ-7(34) |
|
| 999 |
_c181604 _d181604 |
||